000 00441 a2200157 4500
020 _a156592116X
040 _aDLC
_bDLC
100 1 0 _aSatir, Gregory.
245 1 0 _aC++ : the core language
_c/ Gregory Satir and Doug Brown.
250 _a1st ed.
260 0 _aSebastopol, Calif.
_b: O'Reilly
_c, c1995.
300 _axix, 207 p.
650 0 _aC++ (Computer program language)
700 1 0 _aBrown, Doug
_d, 1952-
942 _cBK
_k005.133 SAT
_2ddc
999 _c6153
_d6153